| 000 | 00391nam a2200157Ia 4500 | ||
|---|---|---|---|
| 008 | 190920s9999||||xx |||||||||||||| ||und|| | ||
| 020 | _a9789385676130 | ||
| 082 |
_a330 _bAHU/M |
||
| 100 | _aAhuja, H L | ||
| 245 | 0 | _aModern Microeconomics: Theory and Application | |
| 250 | _a19th Edition | ||
| 260 | _aNew Delhi | ||
| 260 |
_bS. Chand and Company _c2019 |
||
| 300 | _a957p. | ||
| 942 | _cBK | ||
| 999 |
_c7372 _d7372 |
||